Biggest U.S. Suburbs - Statistics

General Stats
  • This quiz has been taken 70 times
    19 since last reset
  • The average score is 25 of 34
Answer Stats
Population City Metro Area % Correct
341,008 Anaheim Los Angeles
100%
410,053 Aurora Denver
100%
353,289 Henderson Las Vegas
100%
450,469 Long Beach Los Angeles
100%
513,656 Mesa Phoenix
100%
212,603 Yonkers New York City
100%
402,134 Arlington Dallas-Fort Worth
94%
278,748 Chandler Phoenix
94%
296,653 North Las Vegas Las Vegas
94%
264,033 Saint Petersburg Tampa
94%
222,044 San Bernardino Riverside
94%
243,006 Scottsdale Phoenix
94%
260,572 Glendale Phoenix
88%
302,013 Jersey City New York City
88%
323,808 Newark New York City
88%
255,332 Chesapeake Hampton Roads (Norfolk)
81%
275,533 Chula Vista San Diego
81%
249,625 Garland Dallas-Fort Worth
81%
287,285 Gilbert Phoenix
81%
293,028 Plano Dallas-Fort Worth
81%
229,816 Tacoma Seattle
81%
230,968 Hialeah Miami
75%
315,586 Santa Ana Los Angeles
69%
236,955 Frisco Dallas-Fort Worth
56%
318,764 Irvine Los Angeles
56%
257,076 Irving Dallas-Fort Worth
56%
203,677 Overland Park Kansas City
56%
236,001 McKinney Dallas-Fort Worth
44%
221,223 Fontana Riverside
38%
209,434 Grand Prairie Dallas-Fort Worth
38%
200,881 Peoria Phoenix
38%
228,430 Santa Clarita Los Angeles
38%
226,442 Fremont San Francisco
31%
214,263 Moreno Valley Riverside
31%
No matching quizzes found
Score Distribution
Percent of People with Each Score
Percentile by Number Answered
Your Score History
You have not taken this quiz since the last reset